| 000 | 00000nam##2200000za#4500 |
| 001 | 9.568390 |
| 003 | CaOODSP |
| 005 | 20240215150447 |
| 007 | cr ||||||||||| |
| 008 | 150406|2004||||xxc|||||o f|0| 0 eng|d |
| 040 | |aCaOODSP|beng |
| 043 | |an-cn--- |
| 086 | 1 |aPS83-3/149E-PDF |
| 110 | 2 |aCorrectional Service Canada. |
| 245 | 10|aUse of random urinalysis to deter drug use in prison : |h[electronic resource]|ba review of the issues / |c[by] Patricia MacPherson. |
| 260 | |bCorrectional Service Canada |cFebruary 2004. |
| 300 | |a54p.|bfig., references, tables |
| 490 | 1 |aResearch report|vR-149 |
| 590 | |a10-11-Supp|b2010-11-10 |
| 720 | 1 |aMacPherson, Patricia |
| 775 | 08|tLe contrôle au hasard d'échantillons d'urine comme moyen de combattre la consommation de drogues en milieu carcéral : |w(CaOODSP)9.599678 |
| 830 | #0|aResearch report (Correctional Service Canada. Research Branch)|vR-149|w(CaOODSP)9.506063 |
| 856 | 40|ahttp://publications.gc.ca|qPDF|s224 KB|uhttps://publications.gc.ca/collections/collection_2010/scc-csc/PS83-3-149-eng.pdf|yR-149 |